| 000 | 00519 a2200157 4500 | ||
|---|---|---|---|
| 001 | 63907 | ||
| 020 | _a8530807138 (broch.) | ||
| 040 | _cAnchieta - Pituba | ||
| 100 | _aDella Fonte, Sandra Soares | ||
| 240 | 1 | 0 |
_aIndústria cultural e educação em tempos pós-modernos _lpor |
| 245 | 1 | 0 | _aIndústria cultural e educação em tempos pós-modernos |
| 300 | _a111p. | ||
| 362 | 0 | _a2003 | |
| 650 | 4 | _aEquipamento e material de ensino / Experiências / Avaliação através de materiais de uso do aluno | |
| 942 | _cBK | ||
| 999 |
_c63907 _d63907 |
||